| 000 | 00000nam 2200000zi 4500 |
| 001 | 9.936762 |
| 003 | CaOODSP |
| 005 | 20250108142058 |
| 006 | m o d f |
| 007 | cr |n||||||||| |
| 008 | 240321e199303##nscdb ob f|0| 0 eng d |
| 040 | |aCaOODSP|beng|erda|cCaOODSP |
| 043 | |an-cn-nk |
| 086 | 1 |aEn4-706/1993E-PDF |
| 100 | 1 |aStewart, Patrick L., |eauthor. |
| 245 | 10|aEvaluation of sea bottom biological communities in Saint John Harbour and Black Point ocean dumpsite / |cby Patrick L. Stewart and Donald L. Sam, Envirosphere Consultants Limited. |
| 264 | 1|a[Dartmouth, Nova Scotia] : |bEnvironment Canada, Atlantic Region, |cMarch 1993. |
| 300 | |a1 online resource (1 volume (various pagings)) : |bcharts, maps |
| 336 | |atext|btxt|2rdacontent |
| 337 | |acomputer|bc|2rdamedia |
| 338 | |aonline resource|bcr|2rdacarrier |
| 500 | |aDigitized edition from print [produced by Environment and Climate Change Canada]. |
| 504 | |aIncludes bibliographical references (page 35). |
| 520 | |a"The current report deals with analysis of seabed biological communities. Envirosphere Consultants Limited carried out two key aspects of the project by coordinating the field sampling program and carrying out sediment and biological sampling; and in sorting, identification and community analysis of seabed organisms. While dealing mainly with biological communities, this report also contains information on sediment physical characteristics"--Introduction, page 1. |
| 650 | 0|aOcean bottom ecology|zNew Brunswick. |
| 650 | 0|aMarine organisms|zNew Brunswick|vIdentification. |
| 650 | 0|aMarine sediments|xSampling|zNew Brunswick. |
| 650 | 6|aÉcologie des fonds marins|zNouveau-Brunswick|vIdentification. |
| 650 | 6|aOrganismes marins|zNouveau-Brunswick|vIdentification. |
| 650 | 6|aSédiments marins|xÉchantillonnage|zNouveau-Brunswick. |
| 710 | 1 |aCanada.|bEnvironment Canada. |bAtlantic Region, |eissuing body. |
| 710 | 1 |aEnvirosphere Consultants Limited, |econsultant. |
| 856 | 40|qPDF|s4.42 MB|uhttps://publications.gc.ca/collections/collection_2025/eccc/en4/En4-706-1993-eng.pdf |